Pokoj srdca. /

Uložené v:
Podrobná bibliografia
Hlavný autor: Irala, Narciso (Author)
Médium: Kniha
Jazyk:Slovak
Spanish
Vydané: Trnava : Dobrá kniha, vydavateľstvo, 1994
Vydanie:1. vyd.
Témy:
ISBN: 8071410381 (brož.)
Fyzický popis: 148 s.
Tagy: Pridať tag
Žiadne tagy, Buďte prvý kto otaguje tento záznam!

MARC

LEADER 00000nam a2200000 a 4500
001 000040421
003 SVKK
005 19950217000000.0
008 950131s1994 xo e sloo
020 |a 8071410381 (brož.) 
040 |a SVKKK  |b slo  |c SVKKK  |e AACR2 
041 1 |a slo  |h spa 
044 |a xo  |c SK 
080 |a 159.94:17.023.34(035)  |2 1997 
100 1 |a Irala, Narciso  |4 aut 
245 1 0 |a Pokoj srdca. /  |c Narciso Irala 
250 |a 1. vyd. 
260 |a Trnava :  |b Dobrá kniha, vydavateľstvo,  |c 1994 
300 |a 148 s. 
653 0 |a zdravoveda duševná  |2 SVKKKPH 
653 0 |a šťastie  |2 SVKKKPH 
653 0 |a príručky  |2 SVKKKPH 
655 7 |a príručky  |2 SVKKKPH 
910 |a svkkk 
919 |a 80-7141-038-1 
974 |a EG  |d 19950207 
974 |a PA  |d 19950202 
974 |a EG  |d 19950217 
998 |a BK 
090 |g SCKHL  |k Sklad Pribinova 2. posch.  |a III.165517  |j 878095  |i 2720178447  |s Absenčne